Champions League Top Scorers of the 5 Latest Seasons (18/19) - Statistics

General Stats
  • This quiz has been taken 291 times
  • The average score is 13 of 19
Answer Stats
# 14/15 15/16 16/17 17/18 18/19 Player % Correct
59 10 16 12 15 6 Cristiano Ronaldo
100%
45 10 6 11 6 12 Lionel Messi
99%
28 10 3 4 6 5 Neymar
91%
20 7 8 3 1 1 Luis Suárez
89%
24 6 4 5 5 4 Karim Benzema
88%
36 6 9 8 5 8 Robert Lewandowski
88%
16 0 1 0 10 5 Mohamed Salah
73%
23 6 2 5 4 6 Sergio Agüero
73%
14 0 0 6 4 4 Kylian Mbappé
70%
14 0 0 0 10 4 Sadio Mané
67%
25 6 2 8 7 2 Edinson Cavani
66%
14 0 0 2 7 5 Harry Kane
64%
21 2 7 6 2 4 Antoine Griezmann
61%
21 7 8 3 3 0 Thomas Müller
59%
14 0 0 0 10 4 Roberto Firmino
58%
14 3 0 7 4 0 Pierre-Emerick Aubameyang
42%
14 0 3 2 4 5 Raheem Sterling
42%
15 5 2 3 4 1 Mario Mandžukić
33%
15 0 2 0 8 5 Edin Džeko
26%
No matching quizzes found
Score Distribution
Percent of People with Each Score
Percentile by Number Answered
Your Score History
You have not taken this quiz